<The> EBITDA Interpretation for Tax Purposes

Pravidlá nízkej kapitalizácie. Vysvetlenie označenia ukazovateľa EBITDA (Earnings, Before, Interest, Taxes, Depreciation, Amortization). Výpočet ukazovateľa EBITDA podľa zákona o dani z príjmov.

Gespeichert in:
Bibliographische Detailangaben
1. Verfasser: Šlosárová, Anna
Format: Buchkapitel
Sprache:Slowakisch
Schlagworte:
Tags: Tag hinzufügen
Keine Tags, Fügen Sie das erste Tag hinzu!

MARC

LEADER 00000naa$a2200000$$$4500
001 0248053
005 20240502083704.0
041 0 |a slo 
044 |a CZ 
245 1 0 |a <The> EBITDA Interpretation for Tax Purposes  |c Anna Šlosárová 
520 |a Pravidlá nízkej kapitalizácie. Vysvetlenie označenia ukazovateľa EBITDA (Earnings, Before, Interest, Taxes, Depreciation, Amortization). Výpočet ukazovateľa EBITDA podľa zákona o dani z príjmov. 
610 2 0 |a účtovníctvo 
610 2 0 |a kapitalizácia 
610 2 0 |a úver bankový 
610 2 0 |a pôžičky 
610 2 0 |a úrok 
610 2 0 |a dane z príjmov 
610 2 0 |a odpisy 
610 2 0 |a legislatíva 
610 2 0 |a daňovníci 
100 1 |a Šlosárová, Anna